The encyclopedia of golf techniques

Bibliographic Details
Main Author: Meadows, Chris
Other Authors: Johnston, Bill, Richardson, Allen F.
Format: Book
Published: New York : Parragon Publishers , 2008
Subjects:

MARC

LEADER 00000cam a2200000 7i4500
001 0000027822
005 20091022.0
008 091022
020 |a 1405419864 
090 0 0 |a 796.352   |b MEA 
100 1 |a Meadows, Chris 
245 1 0 |a The encyclopedia of golf techniques   |c Chris Meadows   |f Allen F. Richardson 
260 |a New York :   |b Parragon Publishers ,   |c 2008 
650 0 |a Golf   |x handbooks, manual, etc. 
700 1 |a Johnston, Bill 
700 1 |a Richardson, Allen F. 
999 |a 0001060465   |b Book   |c Adult Collection   |e Perbadanan Perpustakaan Awam Johor 
999 |a 0001060466   |b Book   |c Adult Collection   |e Perbadanan Perpustakaan Awam Johor